Erfahrungen mit Doxepin - einem neuen Dibenzoxepin-derivat - in der Behandlung des Abstinenz- Psychosyndroms bei Alkoholikern

Bibliographic Details
Main Authors: Filippini, L. (Author), Voina, S. (Author)
Format: Article
Language:German

MARC

LEADER 00000nab a2200000ua 4500
001 vtls010821755
003 SK-MaSNL
005 20260303103408.0
008 230121s1971 xo |||||||||||||||||ger|
035 |a (urnnbn)urn:nbn:sk:snk:ar-a05zer 
035 |a urn:nbn:sk:snk-ab5owa 
035 |a (uuid)3eb26a9c-23b4-4543-9ce4-f5bb8de01066 
040 |a SNKBUCL  |b slo  |c SNKBUCL  |e AACR2 
041 0 |a ger 
044 |a xo  |c SK 
100 1 |a Filippini, L.  |4 aut  |9 1117168 
245 1 0 |a Erfahrungen mit Doxepin - einem neuen Dibenzoxepin-derivat - in der Behandlung des Abstinenz- Psychosyndroms bei Alkoholikern  |c L. Filippini, S. Voina 
700 1 |a Voina, S.  |4 aut  |9 1117169 
773 0 |t Protialkoholický obzor  |g Roč. 6, č. 5-6 (1971), s. 182-186 
954 |a odborná, vedecká literatúra cudzojazyčná (svetová)  |2 lita 
958 |a OND 
958 |a EUIPO 
958 |a article5 
999 |c 1849365  |d 1851295